000
00310nam a2200121Ia 4500
008
190216s9999||||xx |||||||||||||| ||und||
100
_a
Punathil Kunhabdulla
245
0
_a
Smarakashilakal
260
_b
Sahithya Pravarthaka Sahakarana Sangam
_c
1980
300
_a
324p
650
_a
Malayalam Novel
942
_c
BK
999
_c
25988
_d
25988